Catalog

Record Details

Catalog Search



Available copies

  • 3 of 3 copies available at LARL/NWRL Consortium.
  • 2 of 2 copies available at Lake Agassiz Regional Library. (Show preferred library)

Current holds

0 current holds with 3 total copies.

Show All Copies
Location Call Number / Copy Notes Barcode Shelving Location Status Due Date
Moorhead Public Library SHR (Text) 33500013724810 Main Available -
Moorhead Public Library SHR (Text) 33500013724828 Main Available -
Thief River Falls Public Library SHR (Text) 35500006642514 Main Available -

Record details

  • ISBN: 9780593498958
  • ISBN: 059349895X
  • ISBN: 9780593722909
  • Physical Description: 342 pages ; 25 cm
  • Edition: First edition.
  • Publisher: New York : Ballantine Books, [2023]

Content descriptions

Summary, etc.:
"A young Indian woman falsely rumored to have ... Read More
Subject: Widows > Fiction.
Wife abuse > Fiction.
Female friendship > Fiction.
Genre: Fictional Work
Novels.
LDR 03055cam a22004458i 4500
001397475
003LARL_NWRL_CONSORTIUM
00520230203210008.0
008220502s2023 nyu 000 1 eng
010 . ‡a 2022004241
040 . ‡aDLC ‡beng ‡erda ‡cDLC ‡dOCLCO ‡dBDX ‡dOCLCF ‡dOCO ‡dJVK
020 . ‡a9780593498958 ‡q(hardcover)
020 . ‡a059349895X ‡q(hardcover)
020 . ‡a9780593722909
020 . ‡z9780593498965 ‡q(ebook)
035 . ‡a(OCoLC)1313668420
042 . ‡apcc
08200. ‡a813/.6 ‡223
1001 . ‡aShroff, Parini, ‡eauthor.
24514. ‡aThe bandit queens / ‡cParini Shroff.
250 . ‡aFirst edition.
264 1. ‡aNew York : ‡bBallantine Books, ‡c[2023]
300 . ‡a342 pages ; ‡c25 cm
336 . ‡atext ‡btxt ‡2rdacontent
337 . ‡aunmediated ‡bn ‡2rdamedia
338 . ‡avolume ‡bnc ‡2rdacarrier
520 . ‡a"A young Indian woman falsely rumored to have killed her husband finds a way to make her unfortunate reputation surprisingly useful--but complications arise when other village women seek her help offing their husbands--in this provocative, razor-sharp debut. "The Bandit Queens heralds a prodigious and sophisticated literary talent." Téa Obreht, New York Times bestselling author of Inland In the five years since her husband's disappearance, Geeta has become accustomed to a solitary life; you'd be surprised how difficult it is to make friends when your entire village believes you're a witch who murdered your husband. And since she can't convince anyone that she didn't murder him, she figures she might as well use her fearsome reputation to protect herself as a woman on her own. But when other women in the village decide that they, too, want to be "self-made" widows and rid themselves of their abusive husbands, Geeta's reputation becomes a double-edged sword--the very thing that's meant to keep her safe is now threatening everything she's built as she unwittingly becomes the go-to consultant for village husband-disposal. Unfortunately, Geeta finds that even the best-laid plans of would-be widows tend to go awry, and the women find themselves caught in a web of their own making--and long-estranged friendships will have to be re-formed if they hope to make it out of their mess alive. Acerbic, insightful, and full of dark humor, Parini Shroff's The Bandit Queens--with its unique combination of poignant social commentary and irreverence--is an absolutely unforgettable novel"-- ‡cProvided by publisher.
650 0. ‡aWidows ‡vFiction. ‡0(LARL_NWRL_CONSORTIUM)167902
650 0. ‡aWife abuse ‡vFiction.
650 0. ‡aFemale friendship ‡vFiction. ‡0(LARL_NWRL_CONSORTIUM)164947
655 2. ‡aFictional Work
655 7. ‡aNovels. ‡2lcgft
77608. ‡iOnline version: ‡aShroff, Parini. ‡tBandit queens. ‡bFirst edition. ‡dNew York : Ballantine Books, [2023] ‡z9780593498965 ‡w(DLC) 2022004242
901 . ‡a397475 ‡bOCoLC ‡c397475 ‡tbiblio ‡soclc

Additional Resources